Statistics for All 1,50,000+ Indian Cities on a Map

Click here to take the quiz!

General Stats

  • This quiz has been taken 412 times
  • The average score is 127 of 314

Answers on the Map

Answers color-coded by a green-red scale on the quiz's map according to % correct below.
 

Answer Stats

StateCity% Correct
DELDelhi
94%
MAHMumbai
94%
WESKolkata
91%
KARBengaluru
90%
TAMChennai
89%
GUJAhmedabad
88%
TELHyderabad
88%
RAJJaipur
88%
MAHPune
87%
UTTLucknow
84%
GUJSurat
83%
UTTAgra
79%
MADIndore
78%
UTTKanpur
78%
MAHNagpur
77%
MADBhopal
76%
BIHPatna
76%
KERKochi
75%
RAJJodhpur
74%
PUNAmritsar
73%
UTTVaranasi
73%
UTTAllahabad
70%
CHAChandigarh
70%
JAMSrinagar
69%
KERThiruvananthapuram
69%
JAMJammu
68%
JHARanchi
68%
CHHRaipur
67%
TAMCoimbatore
66%
PUNLudhiana
66%
ASSGuwahati
64%
KARMangalore
64%
GUJVadodara
64%
ANDVisakhapatnam
64%
OSABhubaneswar
63%
HIMShimla
63%
KARMysore
62%
GUJRajkot
62%
RAJKota
61%
RAJUdaipur
61%
CHHBhilai
60%
UARDehra Dun
60%
UTTGhaziabad
60%
UTTMeerut
60%
MAHAurangabad
59%
MADGwalior
59%
MADJabalpur
59%
JHAJamshedpur
59%
TAMMadurai
59%
MAHNashik
59%
PCHPuducherry
59%
OSACuttack
58%
HARFaridabad
57%
KERKozhikode
57%
MEGShillong
57%
ANDVijayawada
57%
UTTBareilly
56%
MANImphal
56%
RAJAjmer
55%
JHADhanbad
55%
UTTJhansi
55%
UTTNoida
55%
TAMTiruchirappalli
55%
TRIAgartala
54%
MAHSolapur
54%
RAJBikaner
53%
PUNJalandhar
53%
MIZAizawl
52%
UTTGorakhpur
52%
MAHKolhapur
52%
MAHNavi Mumbai
52%
WESAsansol
51%
OSAPuri
51%
TAMSalem
51%
UTTAligarh
50%
HARGurgaon
50%
UTTMoradabad
49%
MADUjjain
49%
BIHGaya
48%
GUJJamnagar
48%
ANDNellore
48%
HARPanipat
48%
PUNPatiala
48%
HARAmbala
47%
UTTMathura
47%
TELWarangal
47%
MAHAmravati
45%
GUJBhuj
45%
MAHNanded
45%
WESKharagpur
44%
PUNPathankot
44%
HARSonipat
44%
KERThrissur
44%
ANDTirupati
44%
GUJBhavnagar
43%
WESDurgapur
43%
MAHJalgaon
43%
TAMTirunelveli
43%
TAMVellore
43%
HARRohtak
42%
UTTSaharanpur
42%
BIHAra
41%
CHHBilaspur
41%
UTTEtawah
41%
UTTFirozabad
41%
MAHMalegaon
41%
UTTMirzapur
41%
BIHMuzaffarpur
41%
UTTRampur
41%
MADRatlam
41%
MAHVasai-Virar
41%
KARBelgaum
40%
GUJBharuch
40%
JHABokaro
40%
ASSDibrugarh
40%
RAJGanganagar
40%
KERKollam
40%
UTTMuzaffarnagar
40%
GUJPorbandar
40%
MADSagar
40%
OSASambalpur
40%
MAHSangli
40%
MADSatna
40%
ASSSilchar
40%
UTTSitapur
40%
KARUdupi
40%
GUJValsad
40%
GUJVapi
40%
BIHDarbhanga
39%
KARGulbarga
39%
PUNMohali
39%
MADRewa
39%
JAMAnantnag
38%
TAMErode
38%
UTTFaizabad
38%
MADGuna
38%
UTTJaunpur
38%
GUJJunagadh
38%
BIHKatihar
38%
MAHLatur
38%
UTTMau
38%
TAMNagercoil
38%
TELNizamabad
38%
PUNBathinda
37%
RAJBharatpur
37%
HARHisar
37%
HARJind
37%
KERKannur
37%
MAHPanvel
37%
RAJSikar
37%
TAMTiruppur
37%
RAJAlwar
36%
BIHBegusarai
36%
BIHBhagalpur
36%
ANDGuntur
36%
UARHaldwani
36%
WESJalpaiguri
36%
CHHKorba
36%
UTTMughalsarai
36%
UTTRae Bareli
36%
CHHRaigarh
36%
GUJAnand
35%
WESBardhaman
35%
UTTBulandshahr
35%
BIHChapra
35%
UTTFatehpur
35%
GUJGandhidham
35%
UTTHathras
35%
ASSJorhat
35%
KERKasaragod
35%
ANDKurnool
35%
UTTOrai
35%
UARRoorkee
35%
HARSirsa
35%
GUJSurendranagar
35%
UTTUnnao
35%
UTTBahraich
34%
RAJBhilwara
34%
BIHBihar
34%
TAMDindigul
34%
RAJHanumangarh
34%
UTTHapur
34%
HARKarnal
34%
MADKhandwa
34%
PUNMoga
34%
GUJNadiad
34%
ANDOngole
34%
RAJPali
34%
HARPanchkula
34%
UTTPilibhit
34%
OSARaurkela
34%
MADVidisha
34%
MAHAhmadnagar
33%
MAHAkola
33%
UTTBanda
33%
HARBhiwani
33%
MADChhindwara
33%
MADDewas
33%
MAHDhule
33%
GUJGodhra
33%
UTTHardoi
33%
UARHardwar
33%
KERKottayam
33%
UTTLakhimpur
33%
MADMorena
33%
GUJMorvi
33%
KERPalakkad
33%
TAMThanjavur
33%
HARYamunanagar
33%
UTTAmroha
32%
HARBahadurgarh
32%
KARBellary
32%
MADBhind
32%
MAHBhusawal
32%
KARHassan
32%
JHAHazaribag
32%
RAJKishangarh
32%
ANDMachilipatnam
32%
CHHRaj Nandgaon
32%
UARRudrapur
32%
UTTSambhal
32%
UTTShahjahanpur
32%
WESShiliguri
32%
KARShimoga
32%
MADShivpuri
32%
RAJTonk
32%
MAHBhiwandi
31%
UTTBudaun
31%
JHADeoghar
31%
UTTFarrukhabad
31%
PUNHoshiarpur
31%
MAHJalna
31%
UTTModinagar
31%
GUJNavsari
31%
ANDRajahmundry
31%
MAHChandrapur
30%
ANDHindupur
30%
TAMKanchipuram
30%
BIHPurnia
30%
MADSingrauli
30%
RAJBeawar
29%
KARBidar
29%
KARBijapur
29%
OSABrahmapur
29%
MADBurhanpur
29%
WESDankuni
29%
ANDEluru
29%
WESHaldia
29%
TAMHosur
29%
TELKarimnagar
29%
BIHMunger
29%
BIHSaharsa
29%
HARThanesar
29%
HARAmbala Sadar
28%
PUNBatala
28%
WESIngraj Bazar
28%
MAHParbhani
28%
JHAPhusro
28%
KARRaichur
28%
OSABaleshwar
27%
TELMahbubnagar
27%
GUJMahesana
27%
WESRaiganj
27%
GUJVeraval
27%
ANDAnantapur
26%
WESHabra
26%
KARHubli-Dharward
26%
WESRanaghat
26%
ANDTenali
26%
WESBalurghat
25%
BIHBettiah
25%
ANDChittoor
25%
MAHIchalkaranji
25%
TAMKarur
25%
WESMedinipur
25%
TELNalgonda
25%
WESKrishnanagar
24%
WESBaharampur
23%
KARHospet
23%
TELKhammam
22%
KARTumkur
22%
ANDKadapa
21%
KERMalappuram
21%
MADMurwara
21%
TAMSivakasi
21%
KERAlappuzha
20%
ANDChirala
20%
KARDavanagere
20%
ANDKakinada
20%
WESNavadvip
20%
WESSantipur
20%
WESDhulian
19%
KARBhadravati
18%
KERKanhangad
18%
KARRobertson Pet
18%
ANDVizianagaram
18%
ANDAdoni
17%
TELMancherial
17%
TAMCuddalore
16%
TAMNeyveli
16%
TELRamagundam
16%
KARGadag-Betigeri
15%
ANDNandyal
15%
TAMThoothukkudi
14%
KERCherthala
13%
TAMRanippettai
13%
TAMKaraikudi
12%
KERKayamkulam
12%
TAMKumbakonam
12%
KEROttappalam
12%
ANDMadanapalle
11%
TAMUdhagamandalam
11%
TAMKumarapalayam
10%
ANDProddatur
10%

Score Distribution

Percentile by Number Answered

Percent of People with Each Score

Your Score History

You have not taken this quiz